[Event "Joao Braga Open"]
[Site "Sao Paolo BRA"]
[Date "2011.04.22"]
[Round "4.12"]
[White "Rodrigo da Silva,E"]
[Black "Bueno,Alfe"]
[Result "1/2-1/2"]
[WhiteElo "1982"]
[BlackElo "2345"]

1.d4 e6 2.e4 d5 3.Nc3 Nf6 4.e5 Nfd7 5.Nce2 c5 6.c3 Nc6 7.Nf3 Qb6 8.a3 a5
9.h4 a4 10.Nf4 h6 11.Rh3 Ndb8 12.Qd3 Bd7 13.Rg3 Na5 14.Rb1 Nc4 15.Nh5 cxd4
16.cxd4 g6 17.Rxg6 fxg6 18.Qxg6+ Kd8 19.Qf6+ Kc7 20.Qxh8 Nc6 21.Qh7 Nxd4
22.Bxc4 dxc4 23.Nf6 Rd8 24.Be3 Nxf3+ 25.gxf3 Qa5+ 26.Kf1 Qxe5 27.Bb6+ Kxb6
28.Nxd7+ Rxd7 29.Qxd7 Bc5 30.Qxa4 Qf5 31.Qd1 Qh3+ 32.Ke1 Qxh4 33.Qe2 Qh1+
34.Qf1 Qxf3 35.Rc1 Qe4+ 36.Qe2 Bxf2+ 37.Kd2 Qd5+ 38.Kc2 Qf5+ 39.Kd1 Qd5+
40.Kc2 Qf5+  1/2-1/2

[Event "Joao Braga Open"]
[Site "Sao Paolo BRA"]
[Date "2011.04.23"]
[Round "7.6"]
[White "Matsuura,E"]
[Black "Barbosa,Paulo Eduardo E Silva"]
[Result "1-0"]
[WhiteElo "2488"]
[BlackElo "2254"]

1.e4 e6 2.d4 d5 3.Nc3 Nf6 4.e5 Nfd7 5.Nce2 c5 6.c3 Nc6 7.f4 cxd4 8.cxd4 Qb6
9.Nf3 Bb4+ 10.Nc3 f6 11.a3 Be7 12.b4 fxe5 13.fxe5 O-O 14.Na4 Qc7 15.Be2 a6
16.Be3 b5 17.Nc5 Nb6 18.O-O Nc4 19.Bxc4 bxc4 20.Bg5 Bxc5 21.bxc5 Bd7 22.Be3 Be8
23.Ng5 Rxf1+ 24.Qxf1 Qd7 25.Rb1 Bg6 26.Rb6 Rf8 27.Qe1 h6 28.Nh3 Rb8 29.Nf4 Bf5
30.Qc3 Ra8 31.h3 Be4 32.Qb2 Ra7 33.Rxc6  1-0

[Event "V New Open Lugano"]
[Site "Lugano SUI"]
[Date "2011.04.24"]
[Round "4.1"]
[White "Hajnal,Z"]
[Black "Stojanovic,Mih"]
[Result "0-1"]
[WhiteElo "2403"]
[BlackElo "2568"]

1.e4 e6 2.d4 d5 3.Nc3 Nf6 4.e5 Nfd7 5.f4 c5 6.Nf3 Nc6 7.Be3 a6 8.Qd2 b5 9.dxc5 Bxc5
10.Bxc5 Nxc5 11.Qf2 Qb6 12.Bd3 b4 13.Ne2 a5 14.O-O g6 15.Rfd1 Ba6 16.Ned4 Nxd4
17.Nxd4 O-O 18.Nb3 Rfc8 19.Nxc5 Rxc5 20.Rd2 Qc7 21.Rad1 a4 22.h3 Bc4 23.Qd4 Bxa2
24.Qxb4 Bc4 25.Kh2 Rb8 26.Qa3 Rcb5 27.Bxc4 Qxc4 28.Rd4 Qxc2 29.R1d2 Qc1 30.Qe7 Rxb2
31.Rxb2 Qxb2 32.Rxa4 Qb7 33.Qg5 Qd7 34.Ra6 Qd8 35.Qg3 Qe7 36.Qe3 Rd8 37.Qd4 Rc8
38.Rd6 Qh4 39.Qd2 Rc4 40.g3 Qh5 41.g4 Qh4 42.Rb6 g5 43.f5 Rxg4 44.Rb8+ Kg7
45.f6+ Kh6  0-1

[Event "57th ch-WLS"]
[Site "Cardiff WLS"]
[Date "2011.04.25"]
[Round "6.9"]
[White "Bullen,Alex"]
[Black "Fathallah,J"]
[Result "0-1"]
[WhiteElo "1764"]
[BlackElo "1906"]

1.e4 e6 2.d4 d5 3.Nc3 Nf6 4.e5 Nfd7 5.f4 c5 6.Nf3 Nc6 7.Ne2 cxd4 8.Nexd4 Bc5
9.c3 Qe7 10.a3 f6 11.exf6 gxf6 12.b4 Bb6 13.Bd3 Nf8 14.b5 Na5 15.O-O Bd7
16.Re1 O-O-O 17.Be3 Qg7 18.Rc1 Rg8 19.Re2 Kb8 20.Qf1 Re8 21.a4 Ng6 22.Rce1 Ka8
23.f5 Ne5 24.Nxe5 fxe5 25.f6 Qf7 26.Nf3 Bc7 27.Nd2 e4 28.Bc2 Rg6 29.Rf2 Be5
30.Bd4 Bxd4 31.cxd4 Rc8 32.Bb1 Rc3 33.Bxe4 dxe4 34.Nxe4 Rc7 35.Nd6 Qf8 36.f7 b6
37.Ne8 Rb7 38.Nf6 Rg7 39.Nh5 Rg5 40.Nf6 Rg7 41.Nxd7 Rxd7 42.Rxe6 Rgxf7 43.Ref6 Rxf6
44.Rxf6 Qa3 45.Qe1 Re7 46.Re6 Rxe6 47.Qxe6 Qa1+ 48.Kf2 Qxd4+ 49.Ke1 Qg1+
50.Ke2 Qxg2+ 51.Ke3 Qg1+ 52.Kf3 Qf1+ 53.Kg3 Qd3+ 54.Kf2 Qc2+ 55.Ke1 Qc3+
56.Kf2 Qc2+ 57.Ke1 Qxh2 58.Qg8+ Qb8 59.Qxh7 Nb7 60.Qf5 Qe8+ 61.Kd2 Nc5 62.Qd5+ Kb8
63.Qc4 Qd7+ 64.Kc3 Qg7+ 65.Kc2 Qg2+ 66.Kc3 Qf3+ 67.Kc2 Qe4+  0-1

[Event "V New Open Lugano"]
[Site "Lugano SUI"]
[Date "2011.04.25"]
[Round "6.3"]
[White "Hajnal,Z"]
[Black "Colmenares,A"]
[Result "1/2-1/2"]
[WhiteElo "2403"]
[BlackElo "2267"]

1.e4 e6 2.d4 d5 3.Nc3 Nf6 4.e5 Nfd7 5.f4 c5 6.Nf3 Nc6 7.Be3 a6 8.Qd2 b5 9.a3 cxd4
10.Nxd4 Nxd4 11.Bxd4 b4 12.axb4 Bxb4 13.Bd3 O-O 14.O-O Nc5 15.Qe3 Nxd3 16.cxd3 Bd7
17.Bc5 Bxc5 18.Qxc5 Qb8 19.Rf2 Rc8 20.Qe3 Qb4 21.d4 Rc4 22.Rd1 Ba4 23.Rd3 Rac8
24.h3 Bb3 25.Kh2 R4c6 26.g4 a5 27.f5 a4 28.f6 g6 29.h4 Qf8 30.h5 Bc4 31.Rdd2 a3
32.bxa3 Qxa3 33.Nxd5 Qxe3 34.Nxe3 Bb3 35.d5 Rc3 36.dxe6 Bxe6 37.Nd5 Bxd5
38.Rxd5 Re3 39.Rfd2 Re8 40.hxg6 hxg6 41.R2d3 Rxd3 42.Rxd3 Rxe5 43.Rd8+ Kh7
44.Rd7 Kh6 45.Rxf7 Kg5 46.Re7 Kxf6 47.Rxe5 Kxe5 48.Kg3 g5 49.Kf3 Kd4 50.Kf2 Ke4
51.Ke2 Kf4 52.Kf2 Kxg4 53.Kg2  1/2-1/2

[Event "8th Balagne Open"]
[Site "Calvi FRA"]
[Date "2011.04.27"]
[Round "3.7"]
[White "Van Weersel,A"]
[Black "Richter,Mic"]
[Result "0-1"]
[WhiteElo "2234"]
[BlackElo "2486"]

1.e4 e6 2.d4 d5 3.Nc3 Nf6 4.e5 Nfd7 5.f4 c5 6.Nf3 Nc6 7.Be3 Be7 8.Qd2 O-O
9.O-O-O c4 10.f5 b5 11.f6 gxf6 12.Bh6 Kh8 13.exf6 Nxf6 14.Bxf8 Qxf8 15.Qf4 b4
16.Nb1 Bd7 17.Be2 Rc8 18.Kd2 Ne4+ 19.Ke1 f5 20.Nbd2 Qg7 21.Bf1 Rf8 22.Nb1 Bd6
23.Qe3 Qg4 24.Qh6 Rf6 25.Qh4 Qg7 26.Ne5 Nxe5 27.dxe5 Bxe5 28.Nd2 Bxb2 29.Nxe4 fxe4
30.Qg3 Bc3+ 31.Ke2 Qf7 32.Qb8+ Be8  0-1

[Event "7th WSCC U17 Open"]
[Site "Krakow POL"]
[Date "2011.05.06"]
[Round "7.2"]
[White "Emiroglu,C"]
[Black "Parol,P"]
[Result "1-0"]
[WhiteElo "2181"]
[BlackElo "1869"]

1.e4 e6 2.d4 d5 3.Nc3 Nf6 4.e5 Nfd7 5.f4 c5 6.Nf3 Nc6 7.Be3 cxd4 8.Nxd4 Bc5
9.Qd2 O-O 10.Be2 a6 11.O-O Nxd4 12.Bxd4 b5 13.Bxc5 Nxc5 14.Qd4 Qc7 15.Kh1 Rb8
16.a3 Bb7 17.Rf3 Ne4 18.Nxe4 dxe4 19.Rc3 Qe7 20.Qe3 Rbc8 21.Rxc8 Rxc8 22.c3 Rd8
23.Kg1 Rd7 24.Rd1 Rxd1+ 25.Bxd1 Qd7 26.Qd4 Qxd4+ 27.cxd4 f5 28.exf6 gxf6
29.g4 f5 30.Kf2 Bd5 31.Ke3 Kf7 32.b4 Ke7 33.g5 Bc6 34.h4 Kf8 35.h5 Kf7 36.h6 Kg6
37.Kf2 Bd5 38.Kg3 Bc4 39.Kh4 Kf7 40.Bh5+ Kf8 41.Kg3 Bd5 42.Kf2 Bc6 43.Ke3 Kg8
44.d5 exd5 45.Kd4 Kf8 46.Ke5 Kg8 47.Bd1 Be8 48.Kxf5 Bf7 49.Ke5 Kf8 50.f5 Kg8
51.Bg4 Kf8 52.Kf6 Kg8 53.g6 Be8 54.Ke7 Bxg6 55.fxg6 hxg6 56.Be6+ Kh7 57.Bxd5 e3
58.Bf3 Kxh6 59.Kf6  1-0

[Event "ch-UKR semi-final"]
[Site "Alushta UKR"]
[Date "2011.05.07"]
[Round "5.19"]
[White "Sharapov,E"]
[Black "Mischuk,D"]
[Result "1/2-1/2"]
[WhiteElo "2497"]
[BlackElo "2317"]

1.e4 e6 2.d4 d5 3.Nc3 Nf6 4.e5 Nfd7 5.f4 c5 6.Nf3 Nc6 7.Ne2 a6 8.c3 b5 9.Be3 Bb7
10.g3 b4 11.Bg2 Na5 12.b3 bxc3 13.O-O c4 14.Nxc3 Bb4 15.Ne2 O-O 16.g4 f6
17.Ng3 Qe7 18.f5 fxe5 19.fxe6 Qxe6 20.dxe5 Qxg4 21.Bd4 Nc6 22.bxc4 Rxf3 23.Bxf3 Qxd4+
24.Kh1 Qxd1 25.Raxd1 Ncxe5 26.Bxd5+ Bxd5+ 27.cxd5 Nf6 28.Nf5 Rd8 29.Rf4 a5
30.d6 Kf7 31.a3 Bxa3 32.Re1 Ng6 33.Rc4 Bxd6 34.Nxd6+ Rxd6 35.Rc7+ Rd7 36.Rxd7+ Nxd7
37.Ra1 Nge5 38.Rxa5 g5 39.Ra6 Nf6 40.Kg2 Kg6 41.Ra5 Kf5 42.Ra4 h5 43.h4 g4
44.Ra5 Ne4 45.Rb5 Kf4 46.Ra5 Nd6 47.Ra4+ Ne4 48.Rb4 Kf5 49.Ra4 Nd2 50.Ra5 Ne4
51.Ra8 Ke6 52.Ra4 Nd6 53.Ra6 Ng6 54.Kg3 Ke7 55.Ra7+ Kf8 56.Ra5 Ne4+ 57.Kh2 Nf6
58.Kg3 Kg7 59.Ra7+ Kh6 60.Ra4 Ne7 61.Kf4 Kg6 62.Ra5 Ned5+ 63.Ke5 Nb4 64.Ra3 Nc6+
65.Kf4 Nd4 66.Ra5 Nf3 67.Kg3 Ng8 68.Ra6+ Kf5 69.Ra5+ Ne5 70.Ra4 Ne7 71.Ra6 N7g6
72.Rb6 Nf4 73.Rb2 Ned3 74.Rb5+ Ke4 75.Rxh5 Nxh5+ 76.Kxg4 Ndf4 77.Kg5 Ke5
78.Kg4 Kf6 79.Kf3 Kf5 80.Ke3 Ne6 81.Kf3 Nd4+ 82.Ke3 Ke5 83.Kd3 Kd5 84.Ke3 Nc2+
85.Kd3 Nb4+ 86.Ke3 Ke5 87.Kf3 Nd5 88.Kg4 Ndf6+ 89.Kf3 Kd4 90.Ke2 Ng4 91.Kf3 Ne5+
92.Ke2 Nc4 93.Kf3 Ne3 94.Kf2 Kd3 95.Kf3 Kd4 96.Kf2 Nc4 97.Kf3 Ne5+ 98.Ke2 Ng3+
99.Kf2 Ne4+ 100.Kg2 Ke3 101.h5 Ng5 102.h6 Nh7 103.Kg3 Nd3 104.Kg4 Ke4 105.Kg3 Nf4
106.Kf2 Nd5 107.Ke2  1/2-1/2

[Event "Ostravsky Konik A"]
[Site "Ostrava CZE"]
[Date "2011.05.07"]
[Round "8.40"]
[White "Kubik,M"]
[Black "Zavisecky,P"]
[Result "1/2-1/2"]
[WhiteElo "1915"]
[BlackElo "2043"]

1.e4 e6 2.d4 d5 3.Nc3 Nf6 4.e5 Nfd7 5.Nce2 c5 6.c3 Nc6 7.f4 Be7 8.Nf3 O-O
9.h4 f6 10.Ng3 c4 11.b3 b5 12.a4 cxb3 13.Qxb3 b4 14.Bd2 bxc3 15.Bxc3 Rb8
16.Qc2 Nb4 17.Qd2 Qb6 18.a5 Qc7 19.h5 Ba6 20.Bxa6 Nxa6 21.O-O fxe5 22.dxe5 Nac5
23.Nd4 Nb3 24.Nxb3 Rxb3 25.Rac1 Nc5 26.Rf3 Bh4 27.Ne2 Ne4 28.Qd1 Nxc3 29.Rfxc3 Rxc3
30.Nxc3 Qxa5 31.Qg4 Qb6+ 32.Kh2 Be7 33.Na4 Qa6 34.Nc5 Bxc5 35.Rxc5 Qb6 36.Rc3 Rf5
37.Qf3 Rf8 38.g4 Qb2+ 39.Kg3 Qd2 40.Ra3 Rc8 41.Kh4 Qh2+ 42.Kg5 h6+ 43.Kg6 Qc2+
44.f5 exf5 45.Qxd5+ Kh8 46.gxf5 Rf8 47.Rd3 Qc1 48.Rd2 Qg1+ 49.Rg2 Qb6+ 50.Qe6 Qb1
51.Qd7 Qb6+ 52.Qe6  1/2-1/2

[Event "TCh-SVK Extraliga 2010-11"]
[Site "Slovakia SVK"]
[Date "2011.05.08"]
[Round "11"]
[White "Borosova,Z"]
[Black "Veres,An"]
[Result "1/2-1/2"]
[WhiteElo "2292"]
[BlackElo "2168"]

1.e4 e6 2.d4 d5 3.Nc3 Nf6 4.e5 Nfd7 5.f4 c5 6.Nf3 Nc6 7.Be3 b5 8.dxc5 a6
9.Qd2 Bxc5 10.Bxc5 Nxc5 11.Ne2 Qb6 12.Ned4 Nxd4 13.Qxd4 b4 14.Bd3 a5 15.O-O Rb8
16.Rfc1 O-O 17.b3 Ba6 18.Bxa6 Nxa6 19.c4 bxc3 20.Rxc3 Rfc8 21.Rac1 Qb7 22.Qd2 Nb4
23.Nd4 g6 24.Rxc8+ Rxc8 25.Rxc8+ Qxc8 26.a3 Na6 27.Qxa5 Qc1+ 28.Kf2 Nc5 29.Qd8+ Kg7
30.Qf6+ Kg8 31.Qd8+ Kg7 32.Qa5  1/2-1/2

[Event "Sten Open"]
[Site "Hradec Kralove CZE"]
[Date "2011.05.11"]
[Round "4"]
[White "Juchelka,P"]
[Black "Szucs,Matyas"]
[Result "1-0"]
[WhiteElo "1841"]
[BlackElo "1692"]

1.e4 e6 2.Nc3 d5 3.d4 Nf6 4.e5 Nfd7 5.Nf3 c5 6.Bg5 Qb6 7.Rb1 cxd4 8.Qxd4 Qxd4
9.Nxd4 Nxe5 10.Ndb5 Na6 11.Rd1 f6 12.Be3 b6 13.a3 Bb7 14.Be2 Bc5 15.Bxc5 Nxc5
16.Nc7+ Kf7 17.Nxa8 Bxa8 18.O-O Rd8 19.f4 Nc6 20.Bf3 Ne7 21.b4 Nb7 22.Nb5 Rd7
23.c4 a6 24.Nc3 Nd8 25.Na4 Nc8 26.f5  1-0

[Event "FSFMB May"]
[Site "Budapest HUN"]
[Date "2011.05.12"]
[Round "6.1"]
[White "Mayer,I"]
[Black "Hegedus,P2"]
[Result "1-0"]
[WhiteElo "2033"]
[BlackElo "1776"]

1.e4 e6 2.d4 d5 3.Nc3 Nf6 4.e5 Nfd7 5.Nce2 c5 6.c3 Nc6 7.f4 f5 8.Nf3 Be7
9.Ng5 Nf8 10.Be3 c4 11.Nf3 Bd7 12.h4 Qc7 13.g3 h6 14.Bh3 O-O-O 15.Qc2 Nh7
16.g4 g6 17.h5 Be8 18.hxg6 Bxg6 19.gxf5 Bh5 20.Kf2 Rdf8 21.f6 Bxf3 22.Kxf3 Bxf6
23.Bxe6+ Kb8 24.exf6 Nxf6 25.f5 Qd8 26.Nf4 Ne7 27.b3 Ne4 28.Nxd5 Nxd5 29.Qxe4 Nxe3
30.Kxe3 Qg5+ 31.Qf4+  1-0

[Event "Sten Open"]
[Site "Hradec Kralove CZE"]
[Date "2011.05.12"]
[Round "5"]
[White "Vojtech,J"]
[Black "Steiner,Pavel"]
[Result "0-1"]
[WhiteElo "2113"]
[BlackElo "1897"]

1.e4 e6 2.d4 d5 3.Nc3 Nf6 4.e5 Nfd7 5.Nce2 c5 6.c3 Qb6 7.Nf3 f6 8.Qa4 Qc6
9.Qc2 fxe5 10.dxe5 Qc7 11.Bf4 Nc6 12.Qa4 a6 13.Bg3 b5 14.Qf4 Be7 15.h4 Bb7
16.Qg4 O-O-O 17.Qxe6 Rhe8 18.Qg4 g6 19.O-O-O d4 20.Kb1 Kb8 21.cxd4 cxd4 22.Rc1 Ka8
23.Nexd4 Qb6 24.Ne6 Rc8 25.Be2 Nf8 26.Nxf8 Bxf8 27.Rhd1 Bg7 28.Rd6 Qa5 29.Qf4 Nxe5
30.Rcd1 Nc4 31.Bxc4 bxc4 32.Rd7 Qb5  0-1

[Event "20th Croatian Cup"]
[Site "Sibenik CRO"]
[Date "2011.05.18"]
[Round "1.34"]
[White "Armanda,I"]
[Black "Bartakovic,T"]
[Result "1-0"]
[WhiteElo "2393"]
[BlackElo "2108"]

1.e4 e6 2.d4 d5 3.Nc3 Nf6 4.e5 Nfd7 5.f4 c5 6.Nf3 Nc6 7.Bd3 cxd4 8.Ne2 Qb6
9.O-O Be7 10.Kh1 g6 11.b3 Nc5 12.Bb2 Bd7 13.Nexd4 Rc8 14.f5 Nxd3 15.cxd3 Nxd4
16.Bxd4 Bc5 17.Bxc5 Qxc5 18.fxg6 fxg6 19.Ng5 Rc7 20.Nf7 O-O 21.Nd6 Rf2 22.Qe1 Rxf1+
23.Qxf1 Bc6 24.Qf6 Bb5 25.Rf1 h6  1-0

[Event "ch-Catalan KO"]
[Site "Sabadell ESP"]
[Date "2011.05.19"]
[Round "3.2"]
[White "Fluvia Poyatos,Joa"]
[Black "Narciso Dublan,M"]
[Result "1/2-1/2"]
[WhiteElo "2472"]
[BlackElo "2532"]

1.e4 e6 2.d4 d5 3.Nc3 Nf6 4.e5 Nfd7 5.f4 c5 6.Nf3 Nc6 7.Be3 Be7 8.Be2 O-O
9.O-O a6 10.Kh1 b5 11.a3 Bb7 12.Qd2 Qc7 13.dxc5 Nxc5 14.Bd3 Nxd3 15.Qxd3 d4
16.Bxd4 Nxd4 17.Qxd4 Rfd8 18.Qe3 b4 19.axb4 Bxb4 20.Na2 Bc5 21.Qe2 Qb6 22.Nc3 Qxb2
23.Ne4 Bxe4 24.Qxe4 Qb4 25.c4 Be7 26.Rfb1 Qc5 27.h4 h6 28.Kh2 Ra7 29.Ra4 Qc7
30.Nd4 Rc8 31.f5 Bf6 32.Nf3 exf5 33.Qxf5 Re8 34.Re1  1/2-1/2

[Event "ch-KAZ 2011"]
[Site "Astana KAZ"]
[Date "2011.05.21"]
[Round "7"]
[White "Ismagambetov,An"]
[Black "Erzhanov,A"]
[Result "1-0"]
[WhiteElo "2500"]
[BlackElo "2301"]

1.e4 e6 2.d4 d5 3.Nc3 Nf6 4.e5 Nfd7 5.f4 c5 6.Nf3 Nc6 7.Be3 Rb8 8.Qd2 Qa5
9.Bd3 b5 10.O-O b4 11.Nd1 cxd4 12.Nxd4 Nxd4 13.Bxd4 Bc5 14.Bxc5 Nxc5 15.Ne3 Nxd3
16.cxd3 O-O 17.Rfd1 Qb6 18.Qf2 Qd4 19.g3 b3 20.a3 Ba6 21.Ng2 Qxf2+ 22.Kxf2 Rfc8
23.Ne1 f6 24.Rac1 fxe5 25.fxe5 Bb5 26.Ke3 a5 27.Rxc8+ Rxc8 28.Nf3 a4 29.Nd4 Bd7
30.Kd2 Rf8 31.Ke3 Rc8 32.h4 Kf7 33.Rf1+ Ke7 34.Kd2 Rc7 35.Rc1 Rxc1 36.Kxc1 g5
37.h5 g4 38.Kd2 Be8 39.h6 Kf7 40.Ke3 Bd7 41.Kf4 Kg6 42.Kxg4 Kxh6 43.Ne2 Bb5
44.Nf4 d4 45.Nxe6 Bxd3 46.Nxd4 Kg6 47.Kf4 Bc4 48.Nf5 Be6 49.Nh4+ Kh5 50.Nf3 Kg6
51.Ng5 Bd5 52.Ne4 Bb7 53.e6 Bc6 54.Ke5 h5 55.Nf6 Bb5 56.e7 Kf7 57.Nxh5 Kxe7
58.Nf4 Bd7 59.Nd5+ Kf7 60.Nb6 Be8 61.Kd5 Kf6 62.Kc5 Kf5 63.Kb4 Kg4 64.Nxa4 Kxg3
65.Nc5 Kf4 66.Nxb3 Ke4 67.Kc5 Kd3 68.Nd4 Ba4 69.b3 Bd7 70.a4 Kc3 71.a5 Kb2
72.b4 Ka3 73.b5 Ka4 74.a6 Bc8 75.Kb6 Bh3 76.a7  1-0

[Event "20th Croatian Cup"]
[Site "Sibenik CRO"]
[Date "2011.05.21"]
[Round "5.61"]
[White "Trbojevic,M"]
[Black "Dizdarevic,E"]
[Result "0-1"]
[WhiteElo "2343"]
[BlackElo "2493"]

1.e4 e6 2.d4 d5 3.Nc3 Nf6 4.e5 Nfd7 5.f4 c5 6.Nf3 Nc6 7.Be3 Be7 8.Qd2 O-O
9.g3 Rb8 10.Bg2 b5 11.O-O b4 12.Ne2 Ba6 13.Rf2 Bxe2 14.Rxe2 cxd4 15.Nxd4 Nxd4
16.Bxd4 Bc5 17.Bxc5 Nxc5 18.Qd4 Qb6 19.a3 bxa3 20.Rxa3 Rfc8 21.b3 g6 22.Re1 Nb7
23.Qxb6 axb6 24.Ra6 Nd8 25.Ra2 Rc3 26.Rea1 Nc6 27.Bf1 Kg7 28.Bd3 Nb4 29.Rb2 Rbc8
30.Ra4 Nxd3 31.cxd3 Rxd3 32.Ra6 Rb8 33.b4 b5 34.Kf2 h5 35.Ra7 Rd4 36.Rd7 h4
37.Kf3 hxg3 38.hxg3 Ra8 39.Rb7 Ra3+ 40.Kg4 Re3 41.Rxb5 Rxe5 42.Kh3 Re3 43.Rc5 Rdd3
44.Rg2 Rb3 45.b5 Re4 46.Ra2 Rxf4 47.b6 Rff3  0-1

[Event "ch-KAZ 2011"]
[Site "Astana KAZ"]
[Date "2011.05.23"]
[Round "8"]
[White "Kozganbayev,E"]
[Black "Temirbayev,S"]
[Result "0-1"]
[WhiteElo "2271"]
[BlackElo "2407"]

1.e4 e6 2.d4 d5 3.Nc3 Nf6 4.e5 Nfd7 5.f4 c5 6.Nf3 Nc6 7.Be3 Be7 8.Qd2 O-O
9.Be2 a6 10.O-O b5 11.Nd1 cxd4 12.Nxd4 Nxd4 13.Bxd4 Nc5 14.Bd3 b4 15.Ne3 a5
16.Rae1 a4 17.f5 exf5 18.Nxf5 Nxd3 19.Qxd3 Bxf5 20.Qxf5 Ra6 21.e6 fxe6 22.Qg4 Rxf1+
23.Rxf1 Bf8 24.Qe2 Rc6 25.Qb5 Rxc2 26.Qxa4 Qc8 27.Bc3 Qc5+ 28.Kh1 Qf2  0-1

[Event "63rd ch-MNE"]
[Site "Tivat MNE"]
[Date "2011.05.23"]
[Round "3.1"]
[White "Djukic,Ni"]
[Black "Kalezic,B"]
[Result "1-0"]
[WhiteElo "2486"]
[BlackElo "2457"]

1.e4 e6 2.d4 d5 3.Nc3 Nf6 4.e5 Nfd7 5.f4 c5 6.Nf3 Nc6 7.Be3 Be7 8.Qd2 O-O
9.Be2 a6 10.O-O b5 11.a3 Qb6 12.Nd1 a5 13.c3 a4 14.Bd3 Na5 15.Qe2 Nc4 16.Bf2 f5
17.exf6 Nxf6 18.dxc5 Bxc5 19.Bxc5 Qxc5+ 20.Nf2 Bd7 21.Rae1 Rae8 22.Kh1 Re7
23.Ne5 Be8 24.Nfg4 Kh8 25.Ne3 Kg8 26.Qf2 Qc7 27.N3xc4 dxc4 28.Bc2 g6 29.Qh4 Bc6
30.Nxc6 Qxc6 31.f5 gxf5 32.Bxf5 Qd6 33.Bc2 e5 34.Qg5+ Kh8 35.Qh6 Ref7 36.Rf5 Ne4
37.Qxd6 Nxd6 38.Rxf7 Rxf7 39.Kg1 e4 40.Re2 Kg7 41.Bxe4 Nxe4 42.Rxe4 Rd7 43.Kf2 Kf6
44.Kf3 h5 45.Re2 Kf5 46.Kg3 Rd5 47.Kh4 Kf6 48.h3 Kg6 49.Re6+ Kf7 50.Rb6 Ke7
51.g4 hxg4 52.hxg4 Kd7 53.g5 Kc7 54.Rf6 Rd2 55.g6 Rg2 56.Kh5 Rxb2 57.g7 Rh2+
58.Kg6 b4 59.cxb4  1-0

[Event "63rd ch-MNE"]
[Site "Tivat MNE"]
[Date "2011.05.23"]
[Round "3.5"]
[White "Draganic,V"]
[Black "Kosic,D"]
[Result "1/2-1/2"]
[WhiteElo "2314"]
[BlackElo "2485"]

1.e4 e6 2.d4 d5 3.Nc3 Nf6 4.e5 Nfd7 5.f4 c5 6.Nf3 Nc6 7.Be3 a6 8.Qd2 b5 9.a3 Bb7
10.Bd3 Rc8 11.O-O g6 12.Qf2 cxd4 13.Nxd4 Nxd4 14.Bxd4 Bc5 15.Ne2 Bxd4 16.Nxd4 Nc5
17.Rad1 Qe7 18.b4 Ne4 19.Bxe4 dxe4 20.Nb3 e3 21.Qxe3 Rxc2 22.Rf2 Rxf2 23.Qxf2 O-O
24.Rd6 Bd5 25.Nc5 Rd8 26.Qd4 Rxd6 27.exd6 Qxd6 28.Ne4 Qc6 29.Nf6+ Kf8 30.Nxh7+ Ke8
31.Nf6+ Ke7 32.g4 Qc1+ 33.Kf2 Qxa3 34.Nxd5+ exd5 35.Qe3+ Qxe3+ 36.Kxe3 Kd6
37.Kd4 Ke6 38.h4 f5 39.g5 Kd6 40.Kc3 Ke6 41.Kd4 Kd6 42.Kc3 Ke6  1/2-1/2

[Event "XXX Zalakaros Open"]
[Site "Zalakaros HUN"]
[Date "2011.05.25"]
[Round "6"]
[White "Szajbely,Z"]
[Black "Bereczki,J"]
[Result "1/2-1/2"]
[WhiteElo "2098"]
[BlackElo "2198"]

1.e4 e6 2.d4 d5 3.Nc3 Nf6 4.e5 Nfd7 5.f4 c5 6.Nf3 a6 7.Be3 Nc6 8.Qd2 b5 9.dxc5 Bxc5
10.Ne2 Bb7 11.Bxc5 Nxc5 12.Qe3 Ne4 13.Ned4 Nxd4 14.Nxd4 Qe7 15.O-O-O O-O
16.Bd3 f6 17.exf6 Qxf6 18.Rhf1 e5 19.fxe5 Qxe5 20.Rxf8+ Rxf8 21.Nf3 Qf4 22.Re1 h6
23.Qxf4 Rxf4 24.Nd2 Rf2 25.Re2 Rxe2 26.Bxe2 Kf7 27.Nxe4 dxe4 28.g3 Kf6 29.Kd2 Ke5
30.Ke3 b4 31.a3 bxa3 32.bxa3 a5 33.c4 Ba6 34.Bf1 g6 35.Be2 g5 36.h4 gxh4
37.gxh4 Bc8 38.c5 Kd5 39.c6 Kxc6 40.Kxe4 Kd6 41.Kd4 Be6 42.Bd1 Bd5 43.Ba4 Be6
44.Ke4 Bc8 45.Be8 Be6 46.Kd4 Bb3 47.Bb5 Be6 48.Bc4 Bf5 49.Bb3 Bd7 50.Bc2 Be6
51.Bd1 Bd5 52.Bh5 Be6 53.Be8 Bb3 54.Bb5 Be6 55.Bc4 Bf5 56.Bg8 Bd7 57.Kc4 Be8
58.Bh7 Bd7 59.Bg6 Ba4 60.Kd4 Bc6 61.Bf5 Bd5 62.Bg4 Bc6 63.Bh3 Bd5 64.Bd7 Bf7  1/2-1/2

[Event "Zonal 3.3"]
[Site "Tagaytay City PHI"]
[Date "2011.05.26"]
[Round "4"]
[White "Nolte,R"]
[Black "Gomez,Joh"]
[Result "1/2-1/2"]
[WhiteElo "2429"]
[BlackElo "2538"]

1.e4 e6 2.d4 d5 3.Nc3 Nf6 4.e5 Nfd7 5.f4 c5 6.Nf3 Nc6 7.Be3 cxd4 8.Nxd4 Bc5
9.Qd2 O-O 10.O-O-O a6 11.h4 Nxd4 12.Bxd4 b5 13.Rh3 b4 14.Na4 Bxd4 15.Qxd4 Qa5
16.b3 Bb7 17.c3 bxc3 18.Rxc3 Rfc8 19.Kb2 Rxc3 20.Qxc3 Qxc3+ 21.Nxc3 Rd8  1/2-1/2

[Event "63rd ch-MNE"]
[Site "Tivat MNE"]
[Date "2011.05.26"]
[Round "6.3"]
[White "Krivokapic,M"]
[Black "Kosic,D"]
[Result "1/2-1/2"]
[WhiteElo "2413"]
[BlackElo "2485"]

1.e4 e6 2.d4 d5 3.Nc3 Nf6 4.e5 Nfd7 5.f4 c5 6.Nf3 a6 7.Be3 Qb6 8.Rb1 Nc6
9.Qd2 Qa7 10.g3 cxd4 11.Nxd4 Bc5 12.Nce2 f6 13.exf6 Nxf6 14.Bg2 O-O 15.O-O Ng4
16.c3 Bd7 17.Kh1 Nxe3 18.Qxe3 Rae8 19.Qd2 Kh8 20.Rbe1 Qb8 21.Nf3 Qd6 22.Ned4 Nxd4
23.Nxd4 e5 24.fxe5 Rxf1+ 25.Rxf1 Rxe5 26.b4 Bxd4 27.Qxd4 h6 28.c4 Bc6 29.Kg1 Qe6
30.Rf8+ Kh7 31.Qd3+ g6 32.cxd5 Bxd5 33.Bxd5 Qxd5 34.Qxd5 Rxd5 35.Rf7+ Kg8
36.Rxb7 Rd1+ 37.Kg2 Rd2+  1/2-1/2

[Event "XXX Zalakaros Open"]
[Site "Zalakaros HUN"]
[Date "2011.05.26"]
[Round "7"]
[White "Kislik,E"]
[Black "Boronyak,A"]
[Result "1/2-1/2"]
[WhiteElo "2347"]
[BlackElo "2198"]

1.e4 e6 2.d4 d5 3.Nc3 Nf6 4.e5 Nfd7 5.f4 c5 6.Nf3 Nc6 7.Be3 a6 8.Be2 b5 9.O-O Qb6
10.a4 b4 11.a5 Nxa5 12.Na4 Qc7 13.dxc5 Nxc5 14.Nxc5 Bxc5 15.Bxc5 Qxc5+ 16.Qd4 Qxd4+
17.Nxd4 Nc4 18.Bxc4 dxc4 19.Nb5 Ke7 20.Ra5 Bb7 21.Nd6 Rab8 22.Rfa1 Rhd8 23.Rc5 c3
24.bxc3 bxc3 25.Rxc3 f6 26.Rb3 Bd5 27.Rg3 g5 28.Rxa6 Rb2 29.Rh3 fxe5 30.Rxh7+ Kf6
31.fxe5+ Kg6 32.Raa7 Rg8 33.h4 g4 34.Rhc7 g3 35.Ra1 Rgb8 36.Rf1 Rb1 37.Rf7 R8b2
38.Rf8 Kh5 39.Rh8+ Kg4 40.h5 Rxf1+ 41.Kxf1 Bxg2+ 42.Kxg2 Rxc2+ 43.Kg1 Kh3
44.Rc8 Rg2+ 45.Kf1 Ra2 46.Rg8 g2+ 47.Rxg2 Rxg2 48.h6 Rg8 49.h7 Rh8  1/2-1/2

[Event "ch-KAZ 2011"]
[Site "Astana KAZ"]
[Date "2011.05.27"]
[Round "12"]
[White "Ismagambetov,An"]
[Black "Temirbayev,S"]
[Result "1-0"]
[WhiteElo "2500"]
[BlackElo "2407"]

1.e4 e6 2.d4 d5 3.Nc3 Nf6 4.e5 Nfd7 5.f4 c5 6.Nf3 Nc6 7.Be3 Be7 8.Be2 O-O
9.O-O a6 10.Qe1 b5 11.a3 Qb6 12.Qf2 cxd4 13.Nxd4 Bc5 14.Rad1 Bb7 15.Bg4 Nxd4
16.Bxd4 Bxd4 17.Rxd4 Rac8 18.Rfd1 Rc7 19.Be2 f6 20.exf6 Nxf6 21.Bf3 Rfc8
22.R1d2 a5 23.Qe3 Ba6 24.h3 b4 25.axb4 axb4 26.Na4 Qd6 27.c3 bxc3 28.Nxc3 Qb6
29.f5 exf5 30.Bxd5+ Kh8 31.Qe6 Nxd5 32.Qxb6  1-0

[Event "3rd Kahraman Olgac Memorial"]
[Site "Izmir TUR"]
[Date "2011.05.27"]
[Round "7.1.3"]
[White "Firat,B"]
[Black "Mirzoev,A"]
[Result "1/2-1/2"]
[WhiteElo "2380"]
[BlackElo "2481"]

1.e4 e6 2.d4 d5 3.Nc3 Nf6 4.e5 Nfd7 5.f4 c5 6.Nf3 Nc6 7.Be3 cxd4 8.Nxd4 Bc5
9.Qd2 Bxd4 10.Bxd4 Nxd4 11.Qxd4 Qb6 12.Nb5 Qxd4 13.Nxd4 Ke7 14.O-O-O a6 15.a4 Nb8
16.Be2 Bd7 17.b3 Nc6 18.Nf3 Rac8 19.Kb2 Rc7 20.Rhe1 Rhc8 21.c3 Na5 22.Rc1 g6
23.g3 Rb8 24.b4 Nc6 25.Red1 Rbc8 26.Kb3 Be8 27.Bf1 Nb8 28.Re1  1/2-1/2

[Event "Orlova Open"]
[Site "Orlova CZE"]
[Date "2011.05.28"]
[Round "8.21"]
[White "Folwarczny,Marek"]
[Black "Podlesny,Pa"]
[Result "1-0"]
[WhiteElo "1605"]
[BlackElo "2104"]

1.e4 e6 2.d4 d5 3.Nc3 Nf6 4.e5 Nfd7 5.f4 b6 6.Nf3 c5 7.Bd3 Ba6 8.Bxa6 Nxa6
9.a3 Be7 10.O-O g6 11.Be3 Nc7 12.Qd3 a6 13.Rab1 b5 14.b4 cxb4 15.axb4 Nb6
16.g4 h5 17.g5 Qd7 18.Nd2 O-O 19.Na2 a5 20.c3 a4 21.Ra1 Rfc8 22.Nb1 Nc4 23.Bc1 Ne8
24.Na3 Ng7 25.Qf3 Nf5 26.Nxc4 Rxc4  1-0

[Event "ch-UZB Major w"]
[Site "Tashkent UZB"]
[Date "2011.05.28"]
[Round "8"]
[White "Esonboeva,G"]
[Black "Muminova,N"]
[Result "0-1"]
[WhiteElo "2026"]
[BlackElo "2346"]

1.e4 e6 2.d4 d5 3.Nc3 Nf6 4.e5 Nfd7 5.f4 c5 6.Nf3 Nc6 7.Be3 Qb6 8.Rb1 cxd4
9.Nxd4 Bc5 10.Na4 Qa5+ 11.c3 Bxd4 12.Bxd4 Nxd4 13.Qxd4 b6 14.Qb4 Qxb4 15.cxb4 O-O
16.Bb5 f6 17.exf6 Nxf6 18.Bc6 Rb8 19.Nc3 Bb7 20.Bxb7 Rxb7 21.O-O Rd7 22.Rbc1 d4
23.Nb5 Nd5 24.g3 Nxb4 25.Rc4 Nd3 26.Rxd4 Rxd4 27.Nxd4 Nxb2 28.Nxe6 Rc8 29.Rf2 Nd3
30.Rd2 Rc1+ 31.Kg2 Rc2 32.Rxc2 Ne1+ 33.Kf2 Nxc2 34.Ke2 Kf7 35.Nd8+ Ke8 36.Nc6 a5
37.Kd2 Na3 38.Ne5 Ke7 39.Kc3 Nb5+ 40.Kc4 Nc7 41.Kb3 Kd6 42.Nf7+ Kc5 43.Ng5 h6
44.Nf3 b5 45.Nh4 Ne6 46.Ng2 Kd4 47.f5 Nc5+ 48.Kc2 Ke4 49.Nh4 h5 50.h3 Nb7
51.g4 hxg4 52.hxg4 Kf4 53.Ng6+ Kxg4 54.Ne7 Nd6 55.Nc6 Nxf5 56.Nxa5 Kf3 57.Nb3 g5
58.Nd2+ Ke2 59.Ne4 g4 60.Kb3 Ke3 61.Ng5 Nd4+ 62.Kc3 Nf3 63.Nh7 g3 64.Nf6 g2
65.Nd5+ Ke4 66.Nf6+ Kf5  0-1

[Event "63rd ch-MNE"]
[Site "Tivat MNE"]
[Date "2011.05.29"]
[Round "9.1"]
[White "Djukic,Ni"]
[Black "Kosic,D"]
[Result "1/2-1/2"]
[WhiteElo "2486"]
[BlackElo "2485"]

1.e4 e6 2.d4 d5 3.Nc3 Nf6 4.e5 Nfd7 5.f4 c5 6.Nf3 Nc6 7.Be3 a6 8.Qd2 b5 9.a3 Bb7
10.Bd3 Rc8 11.O-O h6 12.Nd1 cxd4  1/2-1/2